000 00498nam a2200193Ia 4500
001 32507
003 IN-NITTTR
005 20251114233434.0
008 251113s9999||||xx |||||||||||||| ||eng||
040 _beng
040 _cIN-NITTTR
041 _aeng
082 _aTA681 .B57 2016
100 _aBissonnette, Benoi?t
245 0 _aConcrete Surface Engineering /
_cBissonnette, Benoi?t, Courard, Luc, Garbacz, Anej
700 _a Courard, Luc
700 _a Garbacz, Anej
942 _2ddc
_cBK
999 _c35438
_d35438